Stations de la ligne T9 du tramway francilien sur une carte - Statistiques

Statistiques générales
  • Ce quiz a été pris 89 fois
  • Le résultat moyen est 13 sur 19
Réponses sur la Carte
Les réponses sont colorées sur une échelle allant du rouge au vert en fonction du pourcentage des utilisateurs qui les ont devinées à leur premier essai. Vous pouvez retrouver ces pourcentages ci-dessous.
 
Statistiques - réponses
Arrêt % Correct
Porte de Choisy
95%
Mairie de Vitry-sur-Seine
83%
Orly - Gaston Viens
83%
Cimetière Parisien d'Ivry - Place du Général de Gaulle
80%
Musée MAC-VAL
77%
Rouget de Lisle
77%
La Briqueterie
75%
Trois Communes
75%
Châteaudun - Barbès
72%
Les Saules
72%
Watteau - Rondenay
65%
Beethoven - Concorde
63%
Christophe Colomb
62%
Germaine Tailleferre
62%
Four - Peary
58%
Camille Groult
57%
Verdun - Hoche
57%
Constant Coquelin
55%
Carle - Darthé
51%
Aucun quiz correspondant
Distribution des résultats
% des personnes avec chaque résultat
Percentile par nombre de réponses
Votre historique - résultats
Vous n’avez pas pris ce quiz